000 00722nam a2200289Ia 4500
005 20260324134716.0
008 008 260324s9999 xx 000 0 eng d
020 _a9780429178115
037 _aEBOOK
040 _aCRL
040 _beng
040 _cCRL
041 _2eng
041 _aeng
084 _qCRL
100 _aJane Pomper DeHart
_91197850
245 0 _aOn-Site Occupational Health and Rehabilitation
245 2 _bA Model for the Manufacturing and Service Industries
260 _bTaylor and Francis
260 _c2001
365 _a
365 _b560
856 _uhttp://www.taylorfrancis.com/books/9780429178115
942 _cEBOOK
999 _c1798208
_d1798208